[Event "Julian Mazur Memorial"]
[Site "Wellington Chess Club"]
[Date "2016.07.14"]
[Round "1"]
[White "Dixon, Hamish"]
[Black "Nijman, Brian"]
[Result "0-1"]
[WhiteElo "1544"]
[BlackElo "2141"]

1. e4 g6 2. d4 Bg7 3. Nf3 c6 4. Be3 d5 5. e5 Bg4 6. h3 Bxf3 7. Qxf3 e6 8. Nd2
c5 9. c3 cxd4 10. Bb5+ Nc6 11. Bxd4 Ne7 12. O-O O-O 13. Qe2 Nxd4 14. cxd4 Rc8
15. Nf3 Qb6 16. Rfd1 Bh6 17. g4 a6 18. Ba4 Qb4 {"touched rook"} 0-1

[Event "Julian Mazur Memorial"]
[Site "Wellington Chess Club"]
[Date "2016.07.14"]
[Round "1"]
[White "Meravanage, Satwik"]
[Black "Stoeveken, Peter"]
[Result "1/2-1/2"]
[WhiteElo "1395"]
[BlackElo "1932"]

1. e4 c5 2. Nf3 Nc6 3. d4 cxd4 4. Nxd4 e5 5. Nf3 Nf6 6. Bg5 Be7 7. Nc3 a6 8.
Bd3 Qb6 9. Nd5 Nxd5 10. exd5 Qa5+ 11. Qd2 Qxd5 12. Bxe7 Nxe7 13. Qg5 Ng6 14.
Bxg6 hxg6 15. O-O Rh5 16. Qe3 f6 17. Rfe1 b5 18. Rad1 Qc6 19. Qd3 Kf7 20. h3
Qe6 21. b3 Rh6 22. Qc3 1/2-1/2

[Event "Julian Mazur Memorial"]
[Site "Wellington Chess Club"]
[Date "2016.07.14"]
[Round "1"]
[White "Rossiter, Philip"]
[Black "Zhao, Aiden"]
[Result "1-0"]
[WhiteElo "1814"]
[BlackElo "1231"]

1. d4 d5 2. c4 c6 3. Nc3 Nf6 4. Bg5 Bf5 5. Nf3 h6 6. Bh4 Nbd7 7. h3 Nb6 8. g4
Bg6 9. c5 Nbd7 10. Bg2 Ne4 11. Qb3 Rb8 12. O-O Nxc3 13. bxc3 Qc7 14. Bg3 Qc8
15. Bxb8 Qxb8 16. Nh4 Bh7 17. c4 dxc4 18. Qxc4 e5 19. Rac1 Be7 20. Nf5 Bg5 21.
e3 O-O 22. Nd6 Bg6 23. f4 exf4 24. exf4 Be7 25. Ne4 b5 26. cxb6 Nxb6 27. Qxc6
Kh7 28. Qc7 Qxc7 29. Rxc7 Nd5 30. Rxa7 h5 31. f5 Bxf5 32. Rxf5 Nf6 33. Rxe7
hxg4 34. Nxf6+ gxf6 35. Rxf6 Kg7 36. Rfxf7+ Rxf7 37. Rxf7+ Kxf7 38. hxg4 1-0

[Event "Julian Mazur Memorial"]
[Site "Wellington Chess Club"]
[Date "2016.07.14"]
[Round "1"]
[White "Sellen, Ian"]
[Black "Landrain, Marc"]
[Result "1-0"]
[WhiteElo "2116"]
[BlackElo "1528"]

1. c4 d6 2. Nc3 g6 3. g3 Bg7 4. Bg2 e6 5. d4 c6 6. Nf3 Ne7 7. O-O O-O 8. e4 Nd7
9. Be3 f5 10. Nd2 Qb6 11. Nb3 Qc7 12. Rc1 Nb6 13. Qe2 a6 14. c5 Nd7 15. cxd6
Qxd6 16. Rfd1 Qc7 17. d5 exd5 18. exd5 Rf6 19. Bg5 Qe5 20. Qxe5 Nxe5 21. Bxf6
Bxf6 22. d6 Nd5 23. Bxd5+ cxd5 24. Nxd5 Bg7 25. Ne7+ Kh8 26. Nxc8 Rxc8 27.
Rxc8+ Bf8 28. d7 1-0

[Event "Julian Mazur Memorial"]
[Site "Wellington Chess Club"]
[Date "2016.07.14"]
[Round "1"]
[White "Stone, Andrew"]
[Black "Proctor, Matthew"]
[Result "1-0"]
[WhiteElo "2063"]
[BlackElo "1458"]

1. e4 e5 2. Nf3 Nc6 3. Bc4 Bc5 4. c3 Nf6 5. d4 exd4 6. cxd4 Bb4+ 7. Nc3 Nxe4 8.
O-O Nxc3 9. bxc3 Bxc3 10. Qb3 d5 11. Bxd5 Be6 12. Bxe6 fxe6 13. Qxc3 Qd6 14.
Ba3 Qf4 15. Qb3 O-O-O 16. Rab1 Na5 17. Qxe6+ Rd7 18. Ne5 Qxd4 19. Rbd1 1-0

[Event "Julian Mazur Memorial"]
[Site "Wellington Chess Club"]
[Date "2016.07.14"]
[Round "1"]
[White "Wight, Joshua"]
[Black "Pomeroy, Arthur"]
[Result "0-1"]
[WhiteElo "1534"]
[BlackElo "2133"]

1. e4 c5 2. Nc3 g6 3. f4 Bg7 4. Nf3 d6 5. h3 e6 6. a4 Ne7 7. Bb5+ Nbc6 8. d4
cxd4 9. Nxd4 O-O 10. Be3 a6 11. Bxc6 bxc6 12. Nb3 c5 13. Qd3 Qc7 14. Nd2 Bb7
15. Rd1 d5 16. Ne2 c4 17. Qa3 Rfc8 18. e5 Nf5 19. Bf2 Bf8 20. Qa1 d4 21. O-O
Ne3 22. Bxe3 dxe3 23. Nf3 Bc5 24. c3 Be4 25. Rfe1 Qb7 26. Rf1 Rab8 27. Kh2 Qxb2
28. Qxb2 Rxb2 29. Rfe1 Rcb8 30. Kg3 Ra2 31. Rd7 h6 32. Rc7 Bb6 33. Rxc4 Bd3 34.
Rb4 Rxe2 35. Rxe2 Bxe2 36. Nd4 Bd1 37. a5 Ba7 38. Nc6 Rxb4 39. Nxb4 e2 40. Nd3
Kf8 41. Ne1 Ke7 42. Kf3 Kd7 43. g4 Kc6 44. Ke4 Bf2 45. Nd3 e1=Q+ 46. Nxe1 Bxe1
47. Kd4 Kb5 48. c4+ Kxa5 49. Kc5 Bb4+ 50. Kc6 Ba4+ 51. Kb7 Bc5 52. h4 Be3 53.
h5 Bxf4 54. hxg6 fxg6 55. c5 h5 56. gxh5 gxh5 57. c6 Bxe5 58. c7 Bxc7 0-1

[Event "Julian Mazur Memorial"]
[Site "Wellington Chess Club"]
[Date "2016.07.21"]
[Round "1"]
[White "Day, Fabian"]
[Black "Ker, Anthony"]
[Result "0-1"]
[WhiteElo "1564"]
[BlackElo "2415"]

1. e4 d6 2. d4 Nf6 3. Nc3 g6 4. Be3 a6 5. Qd2 b5 6. f3 (6. O-O-O b4 7. Nce2)
6... Nbd7 7. O-O-O b4 8. Nce2 a5 9. Kb1 (9. g4 h6 10. g5 hxg5 11. Bxg5 Bg7 12.
Ng3) 9... Ba6 10. g4 h6 11. g5 hxg5 12. Bxg5 Bg7 13. Ng3 Bxf1 14. Rxf1 c5 15.
f4 cxd4 16. Qxd4 Qc7 17. Nf3 Rc8 18. Rf2 Nh5 19. Qd1 Qc5 20. Rhf1 Nb6 21. Nxh5
Rxh5 22. Rd2 (22. Re2) 22... Bxb2 23. Rd5 (23. Rg2) 23... Nxd5 24. exd5 Bg7 25.
Qe2 Rxg5 26. Re1 Rc7 27. fxg5 Qc3 28. Qb5+ Kf8 0-1

[Event "Julian Mazur Memorial"]
[Site "Wellington Chess Club"]
[Date "2016.07.21"]
[Round "2"]
[White "Aldridge, Alan"]
[Black "Dive, Russell"]
[Result "0-1"]
[WhiteElo "1992"]
[BlackElo "2452"]

1. d4 Nf6 2. c4 e6 3. Nc3 Bb4 4. a3 Bxc3+ 5. bxc3 d6 6. Qc2 e5 7. e4 Nc6 8. Bb2
O-O 9. Bd3 Qe8 10. O-O-O b6 11. f4 exf4 12. h3 Ba6 13. Nf3 Nh5 14. Rhe1 Na5 15.
e5 g6 16. exd6 Qd8 17. c5 Bxd3 18. Qxd3 cxd6 19. cxd6 Qxd6 20. Ne5 Rac8 21. Kb1
Qd5 22. Qe4 Qd6 23. Nd3 Nc4 24. Qe7 Qd5 25. Qe4 Qb5 26. Qe7 a5 27. Rc1 Rce8 28.
a4 Qxa4 29. Qc7 Nd2# 0-1

[Event "Julian Mazur Memorial"]
[Site "Wellington Chess Club"]
[Date "2016.07.21"]
[Round "2"]
[White "Coghini, Phillip"]
[Black "Bennett, Ezra"]
[Result "1-0"]
[WhiteElo "1872"]
[BlackElo "1299"]

1. d4 Nf6 2. c4 g6 3. Nc3 d5 4. Nf3 c6 5. e3 Bg7 6. a4 O-O 7. Bd3 Re8 8. h3
Nbd7 9. O-O Nb6 10. c5 Nbd7 11. b4 e5 12. dxe5 Nxe5 13. Bb2 Nc4 14. Bxc4 dxc4
15. Nd4 Ne4 16. Nxe4 Bxd4 17. Bxd4 Rxe4 18. Qc2 Rh4 19. f4 Bxh3 $6 {Not quite
sound} 20. gxh3 Rxh3 21. Qg2 Rh5 22. Rf3 a5 23. b5 Qd7 24. b6 Qf5 25. Rd1 Rd8
26. Rg3 h6 27. Rc1 Rh4 28. Qf3 Qd3 29. Qd1 $2 Qe4 $2 (29... Rxd4 $1 {a nice
little tactic that nets a material advantage} ) 30. Qf3 Qd3 31. Rf1 {back on
track} 31... c3 32. Bf6 Rh5 $4 33. Qxh5 {oops} 33... c2 34. Qxh6 $4 {This looks
winning, threatening mate in 1, but actually it is a terrible mistake} 34...
Qxf1+ $1 {Nice one Sarah} 35. Kxf1 c1=Q+ 36. Kf2 Rd2+ 37. Kf3 Qf1+ $4 (
{Missing mate in 6:} 37... Qd1+ $1 38. Ke4 Qc2+ 39. Kf3 Rf2+ 40. Kg4 Qf5+ 41.
Kh4 Rh2+ 42. Rh3 Rxh3#) 38. Kg4 Qd1+ 39. Kg5 Rd5+ 40. Be5 Rxe5+ 41. fxe5 Qd5
42. Kf4 Qc4+ 43. Kf3 Qd5+ 44. e4 Qxe5 45. Rh3 Qa1 46. Qh7+ Kf8 47. Qh8+ Qxh8
48. Rxh8+ Kg7 49. Rb8 1-0

[Event "Julian Mazur Memorial"]
[Site "Wellington Chess Club"]
[Date "2016.07.21"]
[Round "2"]
[White "Cunningham, Patrick"]
[Black "Croad, Nicolas"]
[Result "0-1"]
[WhiteElo "1744"]
[BlackElo "2412"]

1. d4 Nf6 2. Nf3 g6 3. Nc3 d5 4. e3 Bg7 5. Bb5+ c6 6. Be2 O-O 7. O-O a5 8. a4
Na6 9. Bxa6 Rxa6 10. Re1 Bf5 11. Qe2 Qc7 12. Bd2 Bxc2 13. Rac1 Be4 14. Nb5 Qb8
15. Nc3 Ng4 16. Nxe4 dxe4 17. Ne5 Bxe5 18. Qxg4 Bxh2+ 19. Kh1 f5 20. Qh3 Bd6
21. Bc3 e6 22. Qh6 Rf7 23. g3 Qf8 24. Qg5 e5 25. dxe5 Be7 26. Qf4 g5 27. e6
gxf4 28. exf7+ Kxf7 29. gxf4 c5 30. Rg1 Qh6+ 31. Kg2 Rg6+ 32. Kf1 Qh3+ 33. Ke2
Qf3+ 34. Kf1 Bh4 35. Be1 Qh3+ 0-1

[Event "Julian Mazur Memorial"]
[Site "Wellington Chess Club"]
[Date "2016.07.21"]
[Round "2"]
[White "Farrington, Lawrence"]
[Black "Sellen, Ian"]
[Result "0-1"]
[WhiteElo "1810"]
[BlackElo "2116"]

1. d4 d5 2. c4 e6 3. Nc3 Nf6 4. Bg5 Be7 5. e3 h6 6. Bxf6 {Lawrence swaps off as
many pieces as possible, presumably aiming for a drawn endgame} 6... Bxf6 7.
Bd3 c6 8. Nf3 Nd7 9. O-O O-O 10. Rc1 dxc4 11. Bxc4 e5 12. Ne4 exd4 13. Nxf6+
Nxf6 14. Qxd4 Qe7 15. h3 Bf5 {Allows White to swap off the queens} 16. Qe5 Qxe5
17. Nxe5 Rae8 18. Nf3 Be4 (18... Be6 19. Bxe6 Rxe6 20. Rfd1 Nd5 {was my other
idea, but for some reason decided to challenge the bishop on d5 instead. I
don't think it makes much difference} ) 19. Nd4 Rd8 20. Rfd1 Bd5 21. Bxd5 Rxd5
22. Nb3 Rfd8 23. Rxd5 Rxd5 24. Kf1 Kf8 25. Ke2 Ke7 26. Nc5 (26. f3 Nd7 27. Nd4
$10) 26... b6 27. Nd3 Rd6 (27... c5 28. f3 Nd7 29. e4 Rd4 $10) 28. Ne5 c5 29.
Rc2 {Slightly mysterious, but not bad} 29... Nd7 30. Nc4 Re6 31. Na3 {Again,
I'm not sure what my opponent was trying to achieve} 31... a6 32. Rd2 b5 33. b3
f5 34. Kd1 Nf6 35. Kc2 g5 36. Nb1 b4 $6 {not the best, leaves a nice perch on
c4 for a knight} 37. a3 (37. Rd3 a5 38. f3 h5 39. Nd2 g4 40. Nc4 Ra6 $10) 37...
a5 38. a4 Re5 (38... Rc6 $1 39. Kd3 c4+ $1 40. bxc4 Ne4 41. Rc2 Nc5+ $17) 39.
Re2 Ne4 (39... c4 $1 40. bxc4 Ne4) 40. Nd2 Nd6 41. Nc4 $2 {definitely a
mistake. White should have thought about the pawn structure after the
exchange.} 41... Nxc4 42. bxc4 Re4 43. Kb3 (43. Kd3 {would have been better,
preventing Black's next move} ) 43... f4 {now White is tied down to defending
e3 and c4, and his major pieces are curiously powerless.} 44. Re1 Ke6 45. g4
{Forcing me to make an en passant decision, a good way to make me use up time
on my clock! In the end, though, I don't think it matters too much.} 45... Kf6
46. Re2 (46. Rf1 Kg7 47. exf4 Rxf4 48. f3 Kg6 {doesn't help, white is still
tied down} ) 46... Kg6 47. Re1 (47. Rd2 fxe3 48. Rd6+ Kg7 49. Rd7+ Kf6 50. fxe3
Rxe3+ 51. Kb2 Rxh3 52. Rc7 Ra3 53. Rxc5 Rxa4 54. Rf5+ Ke7 $17) 47... fxe3 48.
fxe3 h5 49. gxh5+ Kxh5 50. Re2 Kh4 51. Re1 Kxh3 52. Rh1+ Kg4 53. Rg1+ Kf5 54.
Rf1+ Ke5 55. Re1 g4 56. Re2 g3 57. Rg2 Rxe3+ 58. Kb2 Kd4 59. Rd2+ Kxc4 0-1

[Event "Julian Mazur Memorial"]
[Site "Wellington Chess Club"]
[Date "2016.07.21"]
[Round "2"]
[White "Forster, Bill"]
[Black "Forlong-Ford, Colwyn"]
[Result "1-0"]
[WhiteElo "2075"]
[BlackElo "1731"]

1. d4 e6 2. c4 b6 3. e4 Bb7 4. Nc3 Bb4 5. e5 Qh4 6. Nf3 Bxf3 7. Qxf3 Nc6 8. Be3
O-O-O 9. a3 Bxc3+ 10. bxc3 Qe7 11. a4 Kb8 12. c5 f6 13. Ba6 fxe5 14. dxe5 Rf8
15. Qe4 Rf5 16. a5 Rxe5 17. Qc4 Nf6 18. axb6 axb6 19. Bb7 1-0

[Event "Julian Mazur Memorial"]
[Site "Wellington Chess Club"]
[Date "2016.07.21"]
[Round "2"]
[White "Ker, Anthony"]
[Black "Barraza, Jesse"]
[Result "1-0"]
[WhiteElo "2415"]
[BlackElo "1925"]

1. e4 d6 2. d4 Nf6 3. Nc3 e5 4. dxe5 dxe5 5. Qxd8+ Kxd8 6. Bg5 Be6 7. O-O-O+
Nd7 8. Nf3 Bd6 9. Bb5 a6 10. Bxd7 Bxd7 11. Bxf6+ gxf6 12. Nd5 Bg4 13. Nxf6 Bxf3
14. gxf3 Ke7 15. Nd5+ Ke6 16. Rhg1 Rhg8 17. Rg3 Rg6 18. Rdg1 Rag8 19. Kd2 c6
20. Ne3 Be7 21. Nf5 Bg5+ 22. Ke2 Bf4 23. Rd1 f6 24. Rd6+ Kf7 25. Rd7+ Ke6 26.
Re7# 1-0

[Event "Julian Mazur Memorial"]
[Site "Wellington Chess Club"]
[Date "2016.07.21"]
[Round "2"]
[White "List, Robert"]
[Black "Stone, Andrew"]
[Result "0-1"]
[WhiteElo "1661"]
[BlackElo "2063"]

1. e4 c5 2. Bd3 g6 3. c3 Bg7 4. Bc2 Nc6 5. d3 d6 6. Nf3 Bg4 7. h3 Bxf3 8. Qxf3
Nf6 9. Na3 O-O 10. Be3 Nd7 11. g4 b5 12. Bc1 b4 13. Nb1 Rb8 14. h4 Qa5 15. Nd2
bxc3 16. Nb3 Rxb3 17. axb3 cxb2+ 18. Rxa5 bxc1=Q+ 0-1

[Event "Julian Mazur Memorial"]
[Site "Wellington Chess Club"]
[Date "2016.07.21"]
[Round "2"]
[White "Pomeroy, Arthur"]
[Black "Brockway, Andrew"]
[Result "1/2-1/2"]
[BlackElo "1772"]
[EventDate "2016.07.21"]
[WhiteElo "2133"]

1. e4 c5 2. Nf3 g6 3. c3 d5 4. exd5 Qxd5 5. d4 Nf6 6. Be2 cxd4 7. cxd4 Bg7 8.
Nc3 Qd8 9. O-O O-O 10. Bg5 Nbd7 11. Qd2 Qa5 12. Bh6 Nb6 13. Bxg7 Kxg7 14. Rfd1
Nbd5 15. Rac1 Bd7 16. Ne5 Be6 17. Bf3 Rac8 18. Qd3 a6 19. a3 Nf4 20. Qd2 N4d5
21. Nd3 Nxc3 22. bxc3 b6 23. Nb4 Qxa3 24. Ra1 1/2-1/2

[Event "Julian Mazur Memorial"]
[Site "Wellington Chess Club"]
[Date "2016.07.21"]
[Round "2"]
[White "Thomas, Ben"]
[Black "Winter, Ryan"]
[Result "1-0"]
[WhiteElo "2203"]
[BlackElo "1450"]

1. e4 c6 2. d4 d5 3. e5 Bf5 4. Nc3 e6 5. g4 Bg6 6. Nge2 h6 7. Ng3 c5 8. Bb5+
Nd7 9. Be3 a6 10. Bxd7+ Qxd7 11. dxc5 Qc7 12. Qd4 Rc8 13. Qa4+ Qc6 14. O-O-O
Bxc5 15. Bxc5 Qxa4 16. Nxa4 b5 17. c3 bxa4 18. Bd4 Ne7 19. f4 h5 20. h3 hxg4
21. hxg4 Kd7 22. Kd2 Rhf8 23. Nh5 Bxh5 24. Rxh5 Rh8 25. Rdh1 Rxh5 26. Rxh5 Ng6
27. f5 exf5 28. gxf5 Ne7 29. f6 gxf6 30. exf6 Nc6 31. Rxd5+ Kc7 32. Be5+ Kb7
33. Rd7+ Ka8 34. Bf4 Rd8 35. Rxd8+ Nxd8 36. Kd3 Ne6 37. Bd6 Kb7 38. Kc4 a5 39.
Kb5 1-0

[Event "Julian Mazur Memorial"]
[Site "Wellington Chess Club"]
[Date "2016.07.28"]
[Round "3"]
[White "Asher, Bruce"]
[Black "Proctor, Matthew"]
[Result "0-1"]
[WhiteElo "1419"]
[BlackElo "1458"]

1. e4 e5 2. Nf3 Nc6 3. Bb5 a6 4. Bxc6 dxc6 5. Nc3 Bg4 6. d3 Bc5 7. Qd2 Bxf3 8.
gxf3 Qh4 9. O-O f5 10. Na4 Bd6 11. d4 exd4 12. f4 Qg4+ 13. Kh1 Qf3+ 14. Kg1 b5
15. exf5 Qg4+ 16. Kh1 Qxf5 17. Qxd4 bxa4 18. Qxg7 O-O-O 19. Qxh8 Nf6 20. Qg7
Rg8 21. Qh6 Qg4 22. f3 Qg2# 0-1

[Event "Julian Mazur Memorial"]
[Site "Wellington Chess Club"]
[Date "2016.07.28"]
[Round "3"]
[White "Bennett, Ezra"]
[Black "Cunningham, Patrick"]
[Result "0-1"]
[WhiteElo "1299"]
[BlackElo "1744"]

1. Nf3 Nf6 2. g3 d5 3. d4 g6 4. Bg2 Bg7 5. c3 O-O 6. Nbd2 Nc6 7. O-O Re8 8. Re1
e5 9. Nb3 e4 10. Nfd2 Bg4 11. f3 exf3 12. exf3 Rxe1+ 13. Qxe1 Bf5 14. Nf1 b6
15. Bd2 Qd7 16. Qc1 Re8 17. Ne3 Bh3 18. a4 Bxg2 19. Nxg2 Qf5 20. Nh4 Qd3 21. a5
Re2 22. Qf1 Nxa5 23. h3 Nxb3 24. Rxa7 Nxd2 25. Ra8+ Bf8 26. Qd1 Qe3+ 0-1

[Event "Julian Mazur Memorial"]
[Site "Wellington Chess Club"]
[Date "2016.07.28"]
[Round "3"]
[White "Croad, Nicolas"]
[Black "Coghini, Phillip"]
[Result "1-0"]
[WhiteElo "2412"]
[BlackElo "1872"]

1. d4 Nf6 2. c4 g6 3. Nc3 d5 4. cxd5 Nxd5 5. e4 Nb6 6. Be3 Bg7 7. Qd2 O-O 8. h4
h5 9. Nf3 N8d7 10. Bh6 c6 11. Be2 e6 12. Bxg7 Kxg7 13. O-O-O Nf6 14. Kb1 a5 15.
Ne5 Nh7 16. g4 f6 17. Nxg6 Kxg6 18. gxh5+ Kg7 19. Rhg1+ Kh8 20. Rg6 Bd7 21.
Rdg1 Be8 22. Rg7 Ng5 23. hxg5 Kxg7 24. gxf6+ Kxf6 25. Qg5+ 1-0

[Event "Julian Mazur Memorial"]
[Site "Wellington Chess Club"]
[Date "2016.07.28"]
[Round "3"]
[White "Dive, Russell"]
[Black "Forster, Bill"]
[Result "1-0"]
[WhiteElo "2452"]
[BlackElo "2075"]

1. Nf3 d5 2. g3 c6 3. Bg2 Nf6 4. O-O h6 5. b3 Bf5 6. Bb2 e6 7. d3 Nbd7 8. Nbd2
Be7 9. e4 Bg6 10. e5 Nh7 11. Qe2 O-O 12. Rac1 Qa5 13. a3 Rfc8 14. d4 Qd8 15. c4
Nhf8 16. Ne1 Rab8 17. f4 b5 18. c5 f5 19. exf6 Bxf6 20. Nd3 Qe8 21. g4 Rd8 22.
Rf3 Rb7 23. Re3 Qf7 24. Ba1 Nb8 25. Rf1 Bxd3 26. Qxd3 Qe8 27. Bf3 Re7 28. Bd1
g5 29. Rh3 gxf4 30. Rxh6 e5 31. Rxf6 e4 32. Qh3 e3 33. Rh6 exd2 34. Rh8+ Kf7
35. Rxf4+ Ke6 36. g5# 1-0

[Event "Julian Mazur Memorial"]
[Site "Wellington Chess Club"]
[Date "2016.07.28"]
[Round "3"]
[White "Forlong-Ford, Colwyn"]
[Black "Kulkarni, Yogesh"]
[Result "1/2-1/2"]
[WhiteElo "1731"]
[BlackElo "1854"]

1. e4 c6 2. Bc4 d5 3. exd5 cxd5 4. Bb3 Nf6 5. Nf3 Bg4 6. h3 Bh5 7. d3 h6 8. Be3
Nc6 9. c3 e5 10. g4 Bg6 11. d4 exd4 12. Nxd4 Nxd4 13. Bxd4 Be7 14. Bxf6 Bxf6
15. Bxd5 O-O 16. O-O Qc7 17. Qf3 Rfe8 18. Na3 Rad8 19. Rad1 Be5 20. Rfe1 Kh8
21. Nc4 Bf4 22. Ne3 f6 23. c4 Bh2+ 24. Kg2 Be5 25. b3 Bc3 26. Nf5 Bxe1 27. Kf1
Bb4 28. Nxh6 gxh6 29. Qxf6+ Qg7 30. Qf4 Rf8 31. Qc1 Bc5 32. Qd2 Rxf2+ 33. Qxf2
Bxf2 34. Kxf2 Qe5 35. Re1 Rf8+ 36. Bf3 Rxf3+ 37. Kxf3 Qxe1 38. Kf4 Qe4+ 39. Kg3
h5 40. c5 Kg7 41. a3 Kh6 42. b4 Kg5 43. gxh5 Bxh5 44. a4 Qf3+ 45. Kh2 Qf2+ 46.
Kh1 Bf3# 1/2-1/2

[Event "Julian Mazur Memorial"]
[Site "Wellington Chess Club"]
[Date "2016.07.28"]
[Round "3"]
[White "Jackson, Ross"]
[Black "Meravanage, Satwik"]
[Result "1-0"]
[WhiteElo "2027"]
[BlackElo "1395"]

1. d4 d5 2. c4 e6 3. Nc3 Nf6 4. cxd5 Nxd5 5. e4 Nb6 6. Nf3 c6 7. Be2 Be7 8. O-O
N8d7 9. a4 Nf6 10. a5 Nbd7 11. Qc2 O-O 12. e5 Nd5 13. Nxd5 cxd5 14. Bd3 h6 15.
h3 f6 16. Nh4 g5 17. Ng6 Rf7 18. Nxe7+ Qxe7 19. exf6 Qxf6 20. Bd2 Qxd4 21. Bc3
Qf4 22. Ra4 Qd6 23. Bg6 Rf8 24. Bh7+ Kf7 25. Qg6+ Ke7 26. Bb4 Nc5 27. Qc2 1-0

[Event "Julian Mazur Memorial"]
[Site "Wellington Chess Club"]
[Date "2016.07.28"]
[Round "3"]
[White "Nijman, Brian"]
[Black "Brockway, Andrew"]
[Result "1/2-1/2"]
[BlackElo "1801"]
[EventDate "2016.07.28"]
[WhiteElo "2206"]

1. d4 Nf6 2. Bg5 c5 3. Nc3 cxd4 4. Qxd4 Nc6 5. Qh4 d5 6. O-O-O e6 7. e4 Be7 8.
Nf3 h6 9. e5 Nd7 10. Bxe7 Qxe7 11. Qg3 O-O 12. Kb1 a6 13. Ne2 Nc5 14. Nfd4 Ne4
15. Qe3 Nxe5 16. f3 Nc4 17. Qg1 Ned2+ 18. Kc1 Qb4 19. Nb3 Nxf1 20. Rxf1 Bd7 21.
Qd4 Rac8 22. Kb1 Qb6 23. Qf4 Ne3 24. Rc1 Nf5 25. Rhe1 Rc4 26. Qd2 Rfc8 1/2-1/2

[Event "Julian Mazur Memorial"]
[Site "Wellington Chess Club"]
[Date "2016.07.28"]
[Round "3"]
[White "Sellen, Ian"]
[Black "Ker, Anthony"]
[Result "0-1"]
[WhiteElo "2116"]
[BlackElo "2415"]

1. d4 d6 2. e4 Nf6 3. Nc3 g6 4. f4 Bg7 5. Nf3 c5 6. Bb5+ Bd7 7. e5 Ng4 8. e6
Bxb5 9. exf7+ Kd7 ( {The computer prefers} 9... Kf8 {, but Anthony invariably
plays this} ) 10. Nxb5 Qa5+ 11. Nc3 cxd4 12. Nxd4 Bxd4 13. Qxd4 Nc6 14. Qc4 Qb6
15. Qe2 h5 16. h3 Nh6 17. Be3 $1 (17. Bd2 {Anthony has faced this more than
once, Bill once got a very nice position out of it.} )  (17. Qd3 { This is the
move I played back in 2013 the only time I ever beat Anthony in a standard
length game.} ) 17... Qxb2 {Believe it or not, I am still in my home
preparation here} 18. Kd2 Nb4 $4 {I had not prepared for this move, probably
stupidly. The reason I hadn't prepared for it was because my computer hadn't
suggested it as a reasonable move! So I knew it must be a mistake - I just
didn't realize how bad a mistake it was} 19. Qb5+ Ke6 20. Rhc1 Rhc8 21. Bd4 Nf5
{8 points up :(} 22. Rab1 $2 ( {Not losing, but } 22. f8=Q $1 Rxf8 23. Rab1
Nxd4 (23... Qa3 24. Rxb4) 24. Qc4+ {a completely winning position for white} )
22... Nxd4 23. Qxb4 (23. f8=N+ $1 {is still probably winning for white, but the
move played brings us back to near equality} 23... Kf7 (23... Rxf8 24. Qc4+ d5
25. Qxd4 Qa3 26. Re1+ $18) 24. Rxb2 Nxb5 25. Nxb5 Nd5 26. Nh7 {and the extra
knight escapes} ) 23... Qxb4 24. Rxb4 Nc6 25. Rxb7 Kxf7 26. Ne4 (26. Nd5 {is
slightly better.It's even now, but from now on my position gets steadily worse}
) 26... Kf8 27. Rf1 Na5 28. Rb4 Nc4+ 29. Kd3 d5 30. Ng5 Rc6 31. f5 Rac8 32.
Ne6+ Kg8 33. Nd4 Rf6 34. Rb7 $2 (34. Re1 Rf7 35. Re6 {offers better hope. White
may actually be slightly up here} ) 34... e5 35. Nb3 $2 ( {After the game
Russell and Nic took great pleasure in pointing out } 35. fxg6 $1 Rxf1 36. Ne6
{ which is a forced draw in every variation! I have to admit it's pretty
nifty.} ) 35... gxf5 36. Rxa7 f4 37. Na5 Ne3 38. Rf2 Nf5 39. c4 e4+ 40. Kc2
Ne3+ {white resigns} 0-1

[Event "Julian Mazur Memorial"]
[Site "Wellington Chess Club"]
[Date "2016.07.28"]
[Round "3"]
[White "Sknar, Andrew"]
[Black "Day, Fabian"]
[Result "0-1"]
[WhiteElo "1152"]
[BlackElo "1564"]

1. e4 c5 2. Nf3 e6 3. c3 d5 4. Bb5+ Bd7 5. Bxd7+ Nxd7 6. exd5 exd5 7. d4 Ngf6
8. Bg5 Bd6 9. Qe2+ Qe7 10. Qxe7+ Bxe7 11. dxc5 Nxc5 12. b4 Nce4 13. Bxf6 Bxf6
14. O-O Nxc3 15. Re1+ Ne4 16. Nc3 Bxc3 0-1

[Event "Julian Mazur Memorial"]
[Site "Wellington Chess Club"]
[Date "2016.07.28"]
[Round "3"]
[White "Wight, Joshua"]
[Black "Aldridge, Alan"]
[Result "0-1"]
[WhiteElo "1534"]
[BlackElo "1992"]

1. e4 e5 2. Nf3 Nc6 3. Bb5 a6 4. Bxc6 dxc6 5. b3 Bd6 6. Bb2 Qe7 7. h3 Nf6 8. d3
O-O 9. O-O Nh5 10. Nbd2 b5 11. a4 Nf4 12. Kh2 f6 13. Re1 Qf7 14. Ng1 Qg6 15. g3
Ne6 16. Ndf3 Ng5 17. Nh4 Qf7 18. Nhf3 Bd7 19. Rf1 Ne6 20. Qd2 c5 21. axb5 axb5
22. Ra5 Rxa5 23. Qxa5 Nd4 24. Nxd4 exd4 25. Kg2 f5 26. exf5 Bc6+ 27. Kh2 Qd5
28. f3 Qxf5 29. Qd2 Qg6 30. Qe1 Re8 31. Qf2 h5 32. h4 Qf6 33. Bc1 Qxh4+ 34. Kg2
Qe7 35. Bd2 Qf6 36. Nh3 Re5 37. Bg5 Rxg5 38. Nxg5 Qxg5 39. Rh1 g6 40. Rh4 Qe5
41. Rh3 Bd5 42. Rh1 c4 43. Re1 Qf6 44. dxc4 bxc4 45. bxc4 Bxc4 46. Re4 c5 47.
c3 Bd5 48. Re2 dxc3 49. Rc2 Bb3 50. Rc1 Qg5 51. f4 Qf6 52. Qf3 c4 53. Rxc3 Qd4
54. Rc1 Qd2+ 55. Kh3 Qxc1 56. Qd5+ Kg7 57. f5 Qf1+ 58. Kh2 Qf2+ 59. Qg2 Qxg3+
0-1

[Event "Julian Mazur Memorial"]
[Site "Wellington Chess Club"]
[Date "2016.08.04"]
[Round "4"]
[White "Asher, Bruce"]
[Black "Jackson, Ross"]
[Result "0-1"]
[WhiteElo "1419"]
[BlackElo "2027"]

1. e4 g6 2. Nf3 Bg7 3. Nc3 d6 4. Bc4 Nf6 5. Ng5 O-O 6. Nxf7 Rxf7 7. Bxf7+ Kxf7
8. h3 c5 9. d3 Nc6 10. Be3 Be6 11. Qf3 Qb6 12. b3 Nb4 13. Rc1 Qa5 14. Bd2 Qd8
15. O-O Kg8 16. Rfe1 Nc6 17. Qe3 Qd7 18. Ne2 Bf7 19. Nf4 b6 20. c4 {2 illegible
scoresheets} 0-1

[Event "Julian Mazur Memorial"]
[Site "Wellington Chess Club"]
[Date "2016.08.04"]
[Round "4"]
[White "Cunningham, Patrick"]
[Black "Zhao, Aiden"]
[Result "1-0"]
[WhiteElo "1744"]
[BlackElo "1231"]

1. d4 d5 2. Nc3 Nc6 3. Nf3 Bf5 4. a3 f6 5. g3 e5 6. dxe5 fxe5 7. Bg2 Nf6 8. O-O
Qd7 9. Bg5 O-O-O 10. e3 Be7 11. Qe2 h6 12. Bxf6 Bxf6 13. Rfd1 Kb8 14. Rxd5 Qe6
15. Rad1 Rxd5 16. Nxd5 Rd8 17. Nxf6 Rxd1+ 18. Qxd1 gxf6 19. Qd2 a6 20. Nh4 Bg4
21. f3 Bh5 22. g4 Bf7 23. Nf5 h5 24. Ng7 Qa2 25. Qc1 hxg4 26. fxg4 Qc4 27. Qd1
Qc5 28. Qd2 Bg6 29. Nf5 Ne7 30. Qd8+ Ka7 31. Qxe7 Qxc2 32. Qb4 Bxf5 33. Qxb7#
1-0